000 00353nam a2200133Ia 4500
008 240624s9999 xx 000 0 und d
041 _aeng
082 _a658.45 GIL
100 _aGILLESPIE DAVID
245 _aTEACH YOURSELF THE CLINTON FACTOR COMMUN
260 _c2008
_aLondon
_bMcGraw-Hill Education
300 _a232 : p. : cm. ; 20
365 _c
_b30
999 _c12884
_d12884